• 首页
  • 本馆介绍
  • 公告通知
  • 最新文献
  • 馆藏检索
  • 电子资源
  • 读者导购
  • 参考咨询
  • 我的图书馆
  • 登录
  • 详细信息显示
  • 放入我的书架
  • 预约/预借图书
  • 作者相关作品
  • 分类相关作品
  • 丛书相关作品
  • 出版社相关作品

书目信息

  • 表格格式
  • 工作单格式
  • 卡片格式
题名:
化肥生产的相图分析
    
 
作者: 王向荣 编
分册:  
出版信息: 北京   石油化学工业出版社  1977
页数: 234页
开本: 19cm
丛书名:
单 册:
中图分类: TQ440.6
科图分类:
主题词: 化学肥料-生产过程 , 生产过程-化学肥料
电子资源:
ISBN:
000 00652nam0 2200241 45
001 0177002806
005 20060926081709.20
010    @dCNY0.53
091    @a15063.3293
100    @a19951017d1977 em y0chiy0121 ea
101 0  @achi
102    @aCN@b110000
105    @ay z 000yy
200 10 @a化肥生产的相图分析@Ahua fei sheng chan de xiang tu fen xi@f王向荣编
210    @a北京@c石油化学工业出版社@d1977
215    @a234页@d19cm
606    @a化学肥料-生产过程
606    @a生产过程-化学肥料
690    @aTQ440.6@v3
701  0 @a王向荣@Awang xiang rong@4编
801  2 @aCN@bNLC@c20060926
801  0 @aCN@bTSSF
905    @a10447@dTQ440.6@e17
    
    化肥生产的相图分析/王向荣编.-北京:石油化学工业出版社,1977
    234页;19cm
    
    
    ISBN :CNY0.53
    
●
相关链接 在E读中查询图书 在五车中查询图书 在当当中查询图书 在豆瓣中查询图书


正题名:化肥生产的相图分析     索取号:TQ440.6/17         预约/预借

序号 登录号 条形码 馆藏地/架位号 状态 备注
1 0422883   204228834   密集书库/ [索取号:TQ440.6/17] 在馆    
唐山师范学院图书馆 欢迎您!
大连网信软件有限公司© 版权所有